| 000 | 00353nam a22001337a 4500 | ||
|---|---|---|---|
| 008 | 170222b xxu||||| |||| 00| 0 eng d | ||
| 020 | _a9780781746069 | ||
| 041 | _aeng | ||
| 080 |
_25TH _a616.31 |
||
| 100 | _a5 | ||
| 101 | _aSHS | ||
| 245 |
_aFUNDAMENTALS OF PERIODONTAL INSTRUMENTATION & ADVANCED ROOT INSTRUMENTATION _cGEHRIG, J.S.N |
||
| 942 |
_2udc _cBK |
||
| 999 |
_c6018 _d6018 |
||